000 00620nam a22002177a 4500
003 CEu
005 20140310182956.0
008 130207t xxu||||| |||| 00| 0 eng d
020 _a9789715847384
050 _aQP 360
_b.Sa235 2008
100 _aGaro-Santiago, Mary Ann
245 _aActivity manual in biological psychology :
_cMary Ann Garo-Santiago, Constantine Della, Jennifer Ann Lajom /
260 _aQuezon City :
_bC & E,
_c2008.
300 _a71 p. :
_c26 cm.
521 _aNUR
650 _aNeuropsychology
650 _aPsychobiology
942 _2lcc
_cBK
_kLOC
999 _c18002
_d18002